[Event "FIDE World Cup"]
[Site "Baku"]
[Date "2015.09.18"]
[Round "3.2"]
[White "Wei, Yi"]
[Black "Areshchenko, Alexander"]
[Result "1-0"]
[WhiteElo "2734"]
[BlackElo "2661"]
[Annotator "Ftacnik,L"]
[PlyCount "77"]
[EventDate "2015.09.11"]
[EventType "k.o."]
[EventRounds "7"]
[EventCountry "AZE"]
[SourceTitle "CBM 169"]
[Source "ChessBase"]
[SourceDate "2015.11.10"]
[SourceVersion "1"]
[SourceVersionDate "2015.11.10"]
[SourceQuality "1"]

1. e4 c5 2. Nf3 d6 3. d4 cxd4 4. Nxd4 Nf6 5. Nc3 a6 6. Bg5 e6 7. f4 Qb6 {
The Poisoned Pawn Variation is widely tested in computer games, but some brave
players are trying to master the labyrinth as humans.} 8. Qd2 Qxb2 9. Rb1 Qa3
10. e5 h6 {The modern era of chess has favoured this line as opposed to the
immediate 10...dxe5.} 11. Bh4 dxe5 12. fxe5 g5 13. exf6 gxh4 14. Be2 Qa5 {
The great exception to the rule continues. White is diligently developing his
pieces while Black is only using his queen. The serious alternative 14...h3!?
is less tested, but does not change the general picture.} (14... h3 $5) 15. O-O
Nd7 16. Rbd1 $5 {For the sake of sanity only the games by humans in this
position are quoted. Negi's book on 6.Bg5 in the Najdorf variation has
introduced the cunning move 16.Rbd1!? to the general public as a special
suggestion of a promising line.} (16. Kh1 Qg5 17. Qe1 (17. Qd3 Nc5 18. Qf3 Bd7)
(17. Rf4 e5 18. Nd5 exd4 19. Qxd4 Kd8 {0-1 (39) Nisipeanu,L (2673)-Wojtaszek,R
(2711) Aix les Bains 2011}) 17... Nxf6 (17... h3 18. gxh3 Qe5 19. Qf2 Qc7 20.
Qe3 Qe5 21. Qg1 Nxf6 22. Rbe1 Qg5 23. Qxg5 hxg5 24. Rxf6 Bg7 25. Ne4 Ke7 26.
Ref1 Bxf6 27. Rxf6 Bd7 {1/2 (40) Swiercz,D (2608)-Areshchenko,A (2701) Gorzow
Wielkopolski 2014}) 18. Nf3 Qc5 19. Na4 Qc7 20. Nb6 Rb8 21. Qxh4 Be7 22. Qd4
Rg8 23. Ne5 Rg5 24. Ng4 Nxg4 25. Bxg4 f5 26. Bxf5 exf5 27. Rbe1 {0-1 (43) Yu,Y
(2697)-Robson,R (2628) Las Vegas 2014}) (16. Qd3 $6 Qe5 17. Ne4 (17. Kh1 $2 h3)
(17. Rbd1 Nc5) 17... Nc5 $15) 16... h3 17. g3 (17. Bg4 $5) (17. Qd3 $5) 17...
Bb4 18. Qe3 Bxc3 19. Nxe6 Qe5 $6 $146 {[%mdl 4] Areschenko deserves great
credit for the willingness to take the risk and play the position for a win
with this new move. Accepting the sacrifice of the knight seems to be
dangerous, but White will actually have to settle for a draw.} (19... fxe6 $5
20. Qxe6+ Kd8 21. Qe7+ Kc7 22. Qd6+ Kd8 23. f7 Bg7 24. Bg4 (24. f8=Q+ Bxf8 25.
Rxf8+ Rxf8 26. Qxf8+ Kc7 27. Qd6+ Kd8 $11) 24... Qb5 25. f8=Q+ Rxf8 26. Rxf8+
Bxf8 27. Qxf8+ Kc7 28. Qd6+ Kd8 29. Qf8+ Kc7 30. Qd6+ Kd8 31. Qf8+ Kc7 {
1/2 (31) Czarnota,P (2523)-Moranda,W (2588) Poland 2015}) 20. Nc7+ Kf8 21. Qxe5
Bxe5 22. Nxa8 Nxf6 {Black will struggle to achieve complete equality. The
problems after the alternative capture of the f6-pawn with the bishop are not
an encouraging sign.} (22... Bxf6 $2 23. Bh5 $1 Kg7 24. Rd6 Rf8 25. Nb6 Bd4+
26. Rxd4 Nxb6 27. Bg4 $18) 23. Nb6 Kg7 (23... Be6 24. Nc4 $1 Bxc4 (24... Bc3
25. Rf3 $18) 25. Bxc4 Kg7 26. Rfe1 Rc8 27. Bf1 Bb8 28. Re2 Rc4 29. Bxh3 $16)
24. Nxc8 Rxc8 25. Rf5 Bb8 {With hindsight the whole bishop manoeuvre via a7
back to d4 makes a truly artificial impression. It should have stayed on a1-h8
diagonal in the first place, even though White would have enjoyed better
chances anyway.} (25... Bb2 $5 26. Bf1 (26. c4 Ba3 27. Kh1 Ne4 28. Rd7 Nd6 29.
Rf1 b6 30. Bg4 Rxc4 31. Be6 $16) 26... Ba3 27. Rd3 Bb2 28. Bxh3 Rxc2 29. Rf2
$16) 26. Rdf1 Ba7+ (26... Rxc2 27. Rxf6 Ba7+ 28. Kh1 Rxe2 29. Rxf7+ Kg6 30.
Rxb7 Bf2 31. Rfb1 $16) 27. Kh1 Bd4 28. Bd3 Rc6 29. g4 Rc7 30. g5 $1 {An
excellent decision by Wei to trade the g-pawn opens up the position and
enables access to the black king.} hxg5 (30... Ng8 31. R1f3 $18) (30... Ng4 $2
31. R5f4 Nxh2 32. Kxh2 Be5 33. gxh6+ Kxh6 34. Kxh3 $18) 31. Rxg5+ Kf8 (31...
Kh6 32. Rg3 Be5 33. Rxh3+ Kg7 34. Rf5 $16) 32. Rg3 Nd5 (32... b5 33. Rxh3 Ng4
34. Rh4 Nf2+ 35. Kg2 Nxd3 36. cxd3 Rc2+ 37. Kf3 $16) 33. Rxh3 Ne3 (33... Rd7
34. Rh4 Be5 35. Rf5 $16) 34. Rf4 $1 {The defender is fighting an exchange down
for no material compensation. All the white pieces are actively taking part in
the game.} Ba7 (34... Bb6 35. Rh6 Ba7 36. Rh8+ Kg7 37. Rh7+ Kg8 38. Re4 $18)
35. Re4 Nd1 (35... Nxc2 36. Rh8+ Kg7 37. Rh7+ $1 Kxh7 38. Rc4+ $18) 36. Rh8+
Kg7 37. Rh7+ Kf8 (37... Kxh7 38. Rc4+ Kg7 39. Rxc7 Nf2+ 40. Kg2 Nxd3 41. cxd3
$18) (37... Kf6 38. Rf4+ Ke5 39. Rf5+ Kd4 40. Rhxf7 $18) 38. Rc4 $1 Bc5 (38...
Rd7 39. Bg6 Ne3 40. Rc8+ Ke7 41. Rxf7+ $18) (38... Rxc4 39. Bxc4 Ke7 40. Rxf7+
Kd6 41. Rxb7 $18) 39. Bg6 {An excellent performance by the Chinese player and
a true setback for any player, who is hoping to play for a win with Black in
this line.} 1-0

[Event "St Petersburg FINEC GM-A"]
[Site "St Petersburg"]
[Date "2008.01.28"]
[Round "5"]
[White "Sjugirov, Sanan"]
[Black "Brodsky, Michail"]
[Result "1-0"]
[WhiteElo "2491"]
[BlackElo "2572"]
[Annotator "Ftacnik,L"]
[PlyCount "51"]
[EventDate "2008.01.24"]
[EventType "tourn"]
[EventRounds "9"]
[EventCountry "RUS"]
[EventCategory "10"]
[SourceTitle "CBM 122 Extra"]
[Source "ChessBase"]
[SourceDate "2008.03.04"]
[SourceVersion "1"]
[SourceVersionDate "2008.03.04"]
[SourceQuality "1"]

1. e4 c5 2. Nf3 d6 3. d4 Nf6 4. Nc3 cxd4 5. Nxd4 a6 6. Bg5 e6 7. f4 Qb6 8. Qd2
Qxb2 9. Rb1 Qa3 10. e5 dxe5 11. fxe5 Nfd7 12. Ne4 h6 13. Bh4 Qxa2 14. Rd1 Qd5
15. Qe3 Bc5 {[%mdl 4] Both sides are dancing on rather thin ice in this line,
but for Black the situation is outright dangerous. The bishop move is winning
followers over the well analysed and greedy 15...Qxe5.} (15... Qxe5 16. Be2 Bc5
17. Bg3) 16. Nxe6 (16. Be2 Qxe5 17. Bg3 Bxd4 18. Rxd4 Qa5+ 19. Rd2 O-O 20. Bd6
Re8 21. O-O Nc6 22. Qf4 f6 23. Qg3 Kh7 24. Bc7 b6 25. Bf4 Re7 26. Bxh6 gxh6 27.
Rxf6 Rg7 28. Qf4 Rg6 29. Rxg6 (29. Rxe6 $1 Rxe6 30. Qf7+ Kh8 31. Qxe6 $18)
29... Kxg6 30. Rxd7 Bxd7 31. Qf6+ Kh7 32. Qf7+ Kh8 33. Qf6+ {1/2 Chirila,I 
(2423)-Salgado Lopez,I (2460)/Kemer 2007}) 16... Bb4+ (16... Bxe3 17. Nc7+ Kf8
18. Nxd5 Bg5 19. Bxg5 hxg5 20. Nd6 Nc6 21. e6 fxe6 22. Nc7 Rb8 23. Nxc8 $16)
17. c3 Qxe6 18. cxb4 O-O (18... Qxe5 $2 19. Bg3 $18) 19. Rd6 {It seems logical
to pester Black with active moves searching for the maximum impact of the
white pieces.} (19. Be2 Nc6 20. O-O Qxe5 21. Bc4 Qh5 22. Qg3 Kh7 23. Rd5 f5 24.
Rdxf5 Rxf5 25. Rxf5 Qxf5 26. Ng5+ hxg5 27. Bd3 Nde5 28. Bxf5+ Bxf5 29. Qxg5 Rf8
$17 {0-1 Berg,E (2593)-Najer,E (2635)/Khanty Mansiysk 2007 (70)}) 19... Qxe5
20. Bc4 Nc6 $2 {This natural developing move fails to solve the biggest
problem of the enemy's extreme activity. The only playable move seems to be 20.
..Qh5!} (20... Re8 21. Bxf7+ Kxf7 22. Qb3+ Re6 23. O-O+ Nf6 24. Nxf6 gxf6 25.
Rxf6+ Qxf6 26. Bxf6 Kxf6 27. Qf3+ {1-0 Nesterovsky,A (2200)-Alexikov,A (2392)/
Petach Tikva 2008}) (20... Qh5 $1 21. Bg3 (21. Bf6 Nxf6 22. Rxf6 Nc6 23. O-O
Be6 $17) 21... Nc6 22. O-O Nde5 $13) 21. O-O Qh5 22. Bf6 $3 {A beautiful idea
that belongs in the texbook about piece play. The bishop uses a forbidden
square in order to get closer to the black king.} Nxf6 (22... Re8 23. Bxg7 Kxg7
24. Rxf7+ $18) (22... Nde5 23. Qg3 Bg4 24. Bd5 $16) 23. Nxf6+ gxf6 24. Rfxf6 {
Sjugirov will have no problems proving that the white pieces will roll over
the black king because of the number black pieces which are hardly in the game.
} Ne5 (24... Bf5 25. Rxh6 (25. Qg3+ Qg5 (25... Kh7 $2 26. Rxf5 Qxf5 27. Bd3 $18
) 26. Qxg5+ hxg5 27. Rxf5 Rfd8 28. Rg6+ Kh8 29. Rgxg5 Rd1+ 30. Kf2 Rd4 31. Bd5
Nxb4 32. Rf6 Rh4 33. Bxb7 $14) 25... Qg4 26. Rh3 Qg7 27. Rg3 Bg4 28. Qf4 Ne5
29. Rd5 Rfc8 30. Bb3 $16) 25. Rxh6 Nxc4 26. Qe7 (26. Qe7 Bg4 (26... Qg4 27.
Rh8+ Kxh8 28. Qxf8+ Kh7 29. Rh6#) 27. Rxh5 Bxh5 28. Rh6 Bg6 29. Qf6 Bh7 30. Qh4
Bg6 31. Rh8+ Kg7 32. Qh6+ $18) 1-0

[Event "World Cup"]
[Site "Khanty-Mansiysk"]
[Date "2007.11.24"]
[Round "1.1"]
[White "Berg, Emanuel"]
[Black "Najer, Evgeniy"]
[Result "0-1"]
[WhiteElo "2593"]
[BlackElo "2635"]
[Annotator "Ftacnik,L"]
[PlyCount "140"]
[EventDate "2007.11.24"]
[EventType "k.o."]
[EventRounds "7"]
[EventCountry "RUS"]
[SourceTitle "CBM 122"]
[Source "ChessBase"]
[SourceDate "2008.01.30"]
[SourceVersion "1"]
[SourceVersionDate "2008.01.30"]
[SourceQuality "1"]

1. e4 c5 2. Nf3 d6 3. d4 cxd4 4. Nxd4 Nf6 5. Nc3 a6 6. Bg5 e6 7. f4 Qb6 8. Qd2
Qxb2 9. Rb1 Qa3 10. e5 h6 11. Bh4 dxe5 12. fxe5 Nfd7 13. Ne4 Qxa2 14. Rd1 Qd5
15. Qe3 Bc5 $5 {As a chessplayer Najer is nothing if not an original thinker.
He is constantly looking for independent solutions to opening and middlegame
problems. This supercharged position has mostly seen 15...Qxe5 with quite a
dangerous position for Black.} (15... Qxe5 16. Be2 (16. Bg3 Qa5+ 17. c3 Qb6 18.
Be2 (18. Bd3 Be7 19. Rb1 Qa5 20. Bd6 Nf6 21. O-O Qd8 22. Bxb8 Rxb8 23. Qg3 Nxe4
24. Bxe4 Qd6 25. Qxg7 Rf8 26. Rbd1 {1-0 Fier,A (2526)-Fusco,L (2251)/Buenos
Aires 2007/ (30)}) 18... Be7 19. O-O O-O 20. Rb1 Qd8 21. Rxf7 Rxf7 22. Nxe6 Qa5
23. Nc7 Ne5 24. Nxa8 Nbc6 25. Nb6 Bg4 $17 {1/2 Docx,S (2359)-Roeder,M (2456)/
Belgium 2006/ (34)'}) 16... Bc5 17. Bg3 (17. O-O Nc6 18. c3 O-O 19. Bg3 Bxd4 (
19... Qd5 $5 20. Nxc5 Qxc5 $13) 20. cxd4 Qa5 21. Bd6 $13) 17... Bxd4 18. Rxd4
Qa5+ 19. Rd2 O-O 20. Bd6 Nc6 $5 (20... Rd8 21. Qg3 Qf5 22. Be5 Qg6 (22... Nxe5
$2 23. Rxd8+ Kh7 24. Nd6 Nf3+ 25. gxf3 Qa5+ 26. Kf1 Qxd8 27. Rg1 g5 28. h4 $16)
23. Qh4 Nc6 {0-1 Motylev,A (2647)-Anand,V (2779)/Wijk aan Zee 2007/ (31)}) (
20... Re8 $5 21. O-O f5 $2 (21... Nc6 $5 22. Qg3 (22. Qf4 f6 23. Qg3 Kh8 24.
Bc7 b6 $13) 22... f5 23. Qg6 Qd8 24. Bh5 Re7 $13) 22. Qg3 $6 (22. Bh5 $1 Rd8
23. Qg3 fxe4 24. Rf7 Qg5 $8 25. Be5 $1 Qxg3 26. hxg3 Nxe5 27. Rxd8+ Kh7 28.
Rff8 g6 29. Rxc8 gxh5 30. Rxb8) 22... Nc6 (22... fxe4 23. Qg6 Rd8 24. Rf7 Qc3
25. Bg4 Nc6 26. Rdf2 e3 27. Rf1 Qd4 28. c3 Qxc3 29. Bxe6 $18) 23. Qg6 Qd8 24.
Bc4 Kh8 $1 25. Ng5 Qxg5 26. Qxe8+ Kh7 27. Qxe6 (27. Bxe6 $2 Nf6 28. Qxc8 Rxc8
29. Bf4 Qg6 30. Bxc8 Ne4 $17) (27. Bf4 $1 Qg6 28. Qxe6 Qxe6 29. Bxe6 Nf6 30.
Bc4 $14) 27... Nf6 {1/2 Shirov,A (2720)-Ftacnik,L (2582)/Germany 2007 (59)})
21. Bxf8 (21. O-O Qb6 $5 (21... f5 22. Bxf8 Nxf8 23. Nd6 b5 24. Bf3 Bd7 25.
Nxf5 exf5 26. Rxd7 Nxd7 27. Bxc6 Rd8 28. Bxd7 {1-0 Shirov,A-Gouliev,N/
Calatrava/2007/})) 21... Nxf8 (21... Kxf8 22. O-O Qb6 $4 23. Rxf7+ $1 Kg8 24.
Rxg7+ {1-0 Luther,T-Ftacnik,L/Germany/2007/}) 22. O-O Bd7 (22... e5 $5 23. Nd6
f6 24. Rb1 Rb8 25. Nxc8 Rxc8 26. Rxb7 Nd4 $13) (22... Qe5 $6 23. Qf2 $1 f5 24.
Nd6 $36) (22... Nd7 23. Nd6 Nde5 24. c4 Qb4 25. c5 f5 $13) 23. Nd6 Ne5 $1 (
23... Nd8 24. Nc4 $1 Qc7 25. Qb6 Rc8 (25... Qc6 $2 26. Rfd1 $1 $18) 26. Qxc7
Rxc7 27. Ne5 Nc6 28. Nxf7 Ng6 $14) (23... Qe5 24. Qf2 $1 f6 25. Nxb7 $14) 24.
Nxb7 Qc7 25. Nd6 {1-0 Anand,V (2779)-Van Wely,L (2683)/Wijk aan Zee 2007 (41)})
(15... Nc6 16. Nxc6 Qxc6 17. Be2 Bb4+ 18. c3 Ba3 19. O-O O-O 20. Nf6+ $1 Nxf6
21. exf6 Bc5 22. Rd4 e5 23. fxg7 Kxg7 24. Qg3+ Kh7 25. Rf6 Bxd4+ (25... Qd5 26.
Rxh6+ Kxh6 27. Bf6 $1 Bxd4+ 28. Kh1 $1 $18) 26. cxd4 Qc1+ 27. Rf1 $16) 16. Nxe6
Bb4+ $1 (16... Bxe3 $2 17. Nc7+ Kf8 18. Nxd5 Bg5 19. Bxg5 hxg5 20. Nd6 Nc6 21.
e6 $1 fxe6 22. Nc7 Rb8 23. Nxc8 Nc5 (23... Rxc8 24. Rxd7 $18) 24. Nb6 Ke7 25.
Be2 $16) (16... Qxe6 17. Qxc5 $1 Nc6 18. Qa3 Qxe5 19. Bd3 Qa5+ (19... f5 20.
O-O fxe4 21. Bxe4 $18) 20. Qxa5 Nxa5 21. Nd6+ Kf8 22. Bf5 $18) 17. c3 Qxe6 18.
cxb4 O-O 19. Be2 Nc6 {Black is in no hurry to grab the e5-pawn. Developing the
knight also puts additional pressure on the b4 weakness.} (19... Qxe5 20. Bg3
Qe6 21. Rd6 Qf5 22. Rf1 $14) 20. O-O Qxe5 (20... Nxb4 21. Rd6 Qxe5 22. Bc4 Nc6
23. Qf3 $40) 21. Bc4 (21. Bg3 Qe6 22. Rf4 (22. Rd6 Qe7 23. Rxc6 bxc6 24. Bd6
Qe6 25. Bxf8 Nxf8 $17) 22... Nde5 23. Nc5 Qe7 $13) 21... Qh5 {Black combines
defence with attack on the white pieces in order to speed up the process of
piece coordination.} 22. Qg3 (22. Bg3 Nde5 $15) 22... Kh7 (22... Nce5 $2 23.
Bf6 Ng4 24. Be7 $16) 23. Rd5 f5 (23... Qg6 24. Ng5+ (24. Bd3 Qxg3 25. Bxg3 Kg8
$17) 24... hxg5 25. Bd3 gxh4 26. Bxg6+ fxg6 27. Qxh4+ Kg8 28. Qc4 Rxf1+ 29.
Kxf1 Kh7 30. Qh4+ $11) 24. Rdxf5 $5 {Berg was facing an unenviable task of
finding compensation for his material investment in the face of expanding
enemy forces.} (24. Qf2 Qg6 25. Nd6 Nde5 $17) 24... Rxf5 25. Rxf5 Qxf5 26. Ng5+
hxg5 $1 {Najer wants to fight, as he will get enough material for his queen.} (
26... Kh8 27. Nf7+ Kh7 28. Ng5+) (26... Kg6 $2 27. Qd6+ $18) 27. Bd3 Nde5 28.
Bxf5+ Bxf5 29. Qxg5 Rf8 30. Be1 (30. Bg3 Rf7 31. Qh4+ Kg8 32. Bxe5 Nxe5 33.
Qd8+ Kh7 34. Qd5 Re7 $17) 30... Rf6 31. Qh5+ (31. Bc3 Nf3+ 32. gxf3 Rg6 $19)
31... Kg8 32. Bc3 Rf7 33. h3 {The medium term prospects for Berg are not
promising, since Black has too many pieces and a plan to improve their
coordination.} (33. h4 Ng4 34. Qg5 Rd7 35. Kf1 Bd3+ 36. Kg1 Be2 $19) 33... Nd3
34. Qg5 Be4 35. Qg4 Nf4 36. Bxg7 $1 {A dream solution for White would have
been the elimination of all the pawns on the board. The exchange combination
serves a good purpose.} (36. g3 Bf3 37. Qc8+ Rf8 38. Qxb7 Ne2+ 39. Kh2 Nxc3 $19
) 36... Rxg7 37. Qxf4 Bxg2 38. Kh2 Bd5 39. h4 Bf7 40. Qf5 Bg6 41. Qe6+ (41.
Qd5+ $1 Kh7 42. b5 axb5 43. Qxb5 Re7 $17) 41... Kh7 42. h5 $2 {[%mdl 1024] The
decisive moment in a tough fight. White tries to be smart with chances for
perpetual check, but the black king will find a way to dance out.} (42. Qd6 Rf7
43. Kg3 Re7 $17) 42... Bxh5 43. Qf5+ Kh6 (43... Bg6 $2 44. Qh3+ Kg8 45. Qc8+)
44. Qf6+ Rg6 45. Qf4+ (45. Qh8+ Kg5 46. Qc3 Bg4 $19) 45... Rg5 46. Qf6+ Bg6 47.
Qh8+ Bh7 48. Qf6+ Kh5 $1 {Brave, original but also the best way to dance out
of the corner.} (48... Rg6 49. Qf4+ Kg7 50. Qc7+) 49. Qh8 (49. Qf7+ Bg6 50.
Qxb7 Ne5 $19) 49... Kg4 50. Qc8+ (50. Qxh7 Rh5+ $19) 50... Kf4 51. Qxb7 Ne5 52.
Qc7 {From now on Berg will be hanging on the brink, Black is close to perfect
coordination.} (52. Qxa6 $2 Nf3+ $19) (52. Qxh7 Nf3+ 53. Kh3 Rg3#) 52... Be4
53. Qc1+ (53. Qd6 Rh5+ 54. Kg1 Kg3 55. Kf1 Bf3 56. Ke1 Rh1+ 57. Kd2 Rd1+ $19)
53... Kg4 54. Qc8+ Rf5 55. Kg1 (55. Qg8+ Kf3 56. Qg2+ Ke3 57. Qg1+ Rf2+ 58. Kg3
Nd3 $19) 55... Bd3 56. Kg2 {It is anything but easy to break White's spirited
defence.} (56. Qg8+ Rg5 57. Qd8 Kh3+ 58. Kf2 Rg2+ 59. Ke3 Re2+ 60. Kd4 Nc6+ 61.
Kxd3 Nxd8 62. Kxe2 Nc6 $19) 56... Bf1+ 57. Kg1 Bc4 58. Kg2 Bf1+ 59. Kg1 Bb5 60.
Kg2 Bc6+ 61. Kg1 Kg3 $1 {Najer would not have minded winning without
spectacular sacrifices, but it is proving necessary to play wih flair.} 62.
Qg8+ (62. Qxf5 Nf3+ 63. Kf1 (63. Kh1 Nh4+ $19) 63... Bb5+ $19) 62... Kf3 (62...
Ng4 63. Qe6 Re5 64. Qd6 Bd5 65. Qc7 Kf3 $19) 63. Qb3+ Kg4 64. Qg8+ Rg5 65. Qb3
Kf4+ 66. Kf2 Rg2+ 67. Kf1 Rg3 68. Qe6 Bb5+ 69. Ke1 (69. Kf2 Nd3+ 70. Kf1 Nc5+
$19) 69... Re3+ 70. Kd1 Ba4+ {Finally the white queen has managed to land on
the square of her demise. A great performance by both players!} (70... Ba4+ 71.
Kc1 Nd3+ $19) 0-1

[Event "Linares 07th"]
[Site "Linares"]
[Date "1989.??.??"]
[Round "?"]
[White "Timman, Jan H"]
[Black "Hjartarson, Johann"]
[Result "1-0"]
[WhiteElo "2610"]
[BlackElo "2615"]
[Annotator "Ftacnik,L"]
[PlyCount "103"]
[EventDate "1989.01.??"]
[EventType "tourn"]
[EventRounds "11"]
[EventCountry "ESP"]
[EventCategory "16"]
[SourceTitle "CBM 011"]
[Source "ChessBase"]
[SourceDate "1989.08.01"]
[SourceVersion "1"]
[SourceVersionDate "1989.08.01"]
[SourceQuality "1"]

1. e4 c5 2. Nf3 d6 3. d4 cxd4 4. Nxd4 Nf6 5. Nc3 a6 6. Bg5 e6 7. f4 Qb6 8. Qd2
Qxb2 9. Rb1 Qa3 10. f5 Nc6 11. fxe6 fxe6 12. Nxc6 bxc6 13. e5 dxe5 14. Bxf6
gxf6 15. Ne4 Be7 16. Be2 h5 17. Rb3 Qa4 18. Nxf6+ Bxf6 19. c4 Ra7 20. O-O Rd7
21. Qe3 Qxa2 (21... Rf7 22. Rxf6 $5 Rxf6 23. Qxe5 Qxa2 $5 (23... Rhf8 $2 24.
Bxh5+ Ke7 (24... Kd7 25. Rd3+ $18) 25. Rb7+ $1 Bd7 26. Qc5+ Kd8 27. Rb8+ Kc7
28. Qe5#) (23... Ke7 24. Rd3 $1 c5 (24... Kf7 25. Qc7+) 25. Qxc5+ Kf7 26. Bxh5+
Rxh5 $8 27. Qxh5+ Ke7 28. Qc5+ Kf7 29. Qc7+ Kg6 30. Rg3+ Kf5 31. Qc5+ e5 32.
Qxc8+ $18) (23... Rfh6 24. Qc7 $1 Bd7 25. Qd6 $1 Bc8 26. Bf3 $1 Bd7 (26... Qxc4
27. Bxc6+ Kf7 28. Rf3+ Kg6 29. Qg3+ Qg4 30. Be4+ $1 Kg7 31. Qc7+ $18) 27. Rb8+
Kf7 28. Qxd7+ Kf6 29. Qd4+ e5 30. Qd6+ Kf5 31. Rf8+ Rxf8 32. Qxf8+ Kg5 33. h4+
$18) (23... O-O 24. Qg5+ $1 Kh7 (24... Kf7 25. Bxh5+ Ke7 26. Qc5+ Kd7 27. Qa7+
Kd6 $8 28. Rd3+ Ke5 29. Qe3+ Kf5 30. g4#) 25. Qxh5+ Rh6 26. Bd3+ Rf5 27. Bxf5+
exf5 28. Qf7+ Kh8 29. Qf8+ Kh7 30. Qe7+ Kh8 31. Qd8+ Kh7 32. Qc7+ Kh8 33. Qxc8+
$18)) 22. Rxf6 Qa1+ 23. Bf1 Qd4 (23... Rg7 24. Rb8 $40) 24. Rxe6+ Kd8 25. Rxc6
Rf8 26. Qxd4 Rxd4 27. Be2 $14 h4 $2 (27... Kd7) 28. Rb8 Kd7 29. Rc5 Re4 30. Bf3
Ref4 31. h3 e4 32. Bg4+ Rxg4 33. hxg4 e3 34. Re5 Rf4 35. c5 Rxg4 36. Rb6 Rc4 (
36... h3 37. Rd6+ Kc7 38. Re7+ Kb8 39. Rb6+ Ka8 40. Re8 Rxg2+ 41. Kh1 e2 42.
Rxc8+ Ka7 43. Rc7+ Ka8 44. Re6 $18) 37. Rb3 Rc1+ 38. Kh2 Kc6 39. Rbxe3 Rc2 40.
Re2 Rxe2 41. Rxe2 Bd7 42. Rd2 a5 43. Rd6+ Kc7 44. Ra6 a4 45. Ra7+ Kc8 46. Kg1
Bb5 (46... h3 47. gxh3 Bxh3 48. Rxa4 Kb7 49. Rh4 Bd7 50. Rh6 $18) 47. Rh7 Bd3
48. Rxh4 Bc2 49. Rc4 Bb3 50. Rc3 Be6 51. Kf2 Kc7 52. Ke3 1-0